000 00576nam a2200241Ia 4500
003 OSt
005 20220924145422.0
006 a|||||r|||| 00| 0
007 ta
008 220923b |||||||| |||| 00| 0 tel d
020 _c1.50
024 _a328510
037 _cTextual
040 _aARTS
_cARTS
_btel
041 _2tel
_atel
082 _aL, 35K7
100 _aIyer S.K.Ganapathi
_9219685
245 0 _aMee arogyam
260 _c1967
650 _aMEDICINE
_94387
942 _hL, 35K7
_cTEXL
_2CC
999 _c460028
_d460028